[Event "Santa Margalida Mallorca-ch"]
[Site "Santa Margalida"]
[Date "2016.11.12"]
[Round "2"]
[White "Bergas Ferriol, Jeronimo"]
[Black "Fentes Caceres, Daniel"]
[Result "1-0"]
[WhiteElo "1992"]
[BlackElo "1696"]
[PlyCount "87"]
[EventDate "2016.11.11"]
[EventType "swiss"]
[EventRounds "8"]
[EventCountry "ESP"]
[SourceTitle "EXT 2018"]
[Source "ChessBase"]
[SourceDate "2017.10.13"]
[SourceVersion "1"]
[SourceVersionDate "2017.10.13"]
[SourceQuality "1"]

1. Nf3 d5 2. d4 Nf6 3. g3 e6 4. Bg2 Be7 5. 0-0 0-0 6. c4 c6 7. Nc3 a6 8. Ne5 dxc4 9. Nxc4 b5 10. Ne5 Bb7 11. Kh1 Qc7 12. Bf4 Nh5 13. Nxc6 Nxf4 14. Nxe7+ Qxe7 15. gxf4 Bxg2+ 16. Kxg2 b4 17. Ne4 Nd7 18. Qd3 f5 19. Ng3 Nf6 20. Rac1 Nd5 21. e3 Qb7 22. f3 Qb5 23. Qd2 Rac8 24. e4 fxe4 25. fxe4 Nf6 26. Rxc8 Rxc8 27. f5 b3 28. axb3 Qxb3 29. Rf3 Qb6 30. e5 Nd5 31. f6 gxf6 32. exf6 Rc7 33. Qg5+ Kf8 34. Qh6+ Ke8 35. Nh5 Qxb2+ 36. Rf2 Qxd4 37. f7+ Kd7 38. f8Q Ne3+ 39. Qxe3 Qxe3 40. Nf6+ Kc6 41. Rc2+ Kb7 42. Rb2+ Kc6 43. Qe8+ Kd6 44. Qd8+ 1-0

[Event "Campos Migjorn op"]
[Site "Campos"]
[Date "2016.09.24"]
[Round "6"]
[White "Ferrer Agus, Rodrigo"]
[Black "Fentes Caceres, Daniel"]
[Result "0-1"]
[WhiteElo "1337"]
[BlackElo "1728"]
[PlyCount "86"]
[EventDate "2016.09.09"]
[EventType "swiss"]
[EventRounds "8"]
[EventCountry "ESP"]
[SourceTitle "EXT 2017"]
[Source "ChessBase"]
[SourceDate "2016.10.25"]
[SourceVersion "1"]
[SourceVersionDate "2016.10.25"]
[SourceQuality "1"]

1. e4 c5 2. Nc3 Nc6 3. f4 g6 4. Nf3 Bg7 5. g3 d6 6. Bg2 Bd7 7. 0-0 Qc8 8. Nd5 e6 9. Ne3 Nf6 10. d3 0-0 11. c3 Ne8 12. Qc2 Rb8 13. Bd2 b5 14. Rab1 Nc7 15. a3 a5 16. Rfc1 a4 17. c4 Nd4 18. Nxd4 Bxd4 19. Kh1 Qa6 20. Nd1 bxc4 21. dxc4 Rb3 22. Bf1 Qb7 23. Bc3 e5 24. Bxd4 exd4 25. Nf2 Bc6 26. Re1 Rb8 27. Re2 f5 28. Bg2 Rxa3 29. Rd1 Rb3 30. Rdd2 Re8 31. Kg1 fxe4 32. Bxe4 Bxe4 33. Nxe4 Re6 34. g4 Qc8 35. f5 gxf5 36. gxf5 Re7 37. Nxd6 Qd7 38. Rxe7 Qxe7 39. Rg2+ Kf8 40. Ne4 Re3 41. Rg4 d3 42. Qg2 Re1+ 43. Kf2 Re2+ 0-1

[Event "Campos Migjorn op"]
[Site "Campos"]
[Date "2016.09.17"]
[Round "4"]
[White "Munoz Benitez, Lucas"]
[Black "Fentes Caceres, Daniel"]
[Result "0-1"]
[WhiteElo "1399"]
[BlackElo "1728"]
[PlyCount "83"]
[EventDate "2016.09.09"]
[EventType "swiss"]
[EventRounds "8"]
[EventCountry "ESP"]
[SourceTitle "EXT 2017"]
[Source "ChessBase"]
[SourceDate "2016.10.25"]
[SourceVersion "1"]
[SourceVersionDate "2016.10.25"]
[SourceQuality "1"]

1. e4 c5 2. b4 cxb4 3. a3 Nc6 4. Nf3 d6 5. Bb5 Bd7 6. 0-0 Nf6 7. d3 g6 8. Bxc6 bxc6 9. axb4 Bg7 10. Bb2 0-0 11. Nbd2 Qb6 12. Rb1 Rfc8 13. c3 Qc7 14. h3 Rcb8 15. Qc2 Nh5 16. d4 Qc8 17. Nh2 Nf4 18. Kh1 d5 19. Qd1 dxe4 20. Nxe4 Bf5 21. Qf3 Ne6 22. g4 Bxe4 23. Qxe4 a5 24. Ba3 Bf6 25. f4 h6 26. Nf3 Qc7 27. Ne5 Rc8 28. bxa5 Rxa5 29. Bb4 Ra2 30. Nxg6 Rca8 31. Ne5 R8a6 32. d5 cxd5 33. Qxd5 Re2 34. f5 Nd8 35. Qb5 Qxe5 36. Qxe5 Rxe5 37. Rfd1 Nc6 38. Rbc1 Nxb4 39. cxb4 Ra8 40. Rc5 Re2 41. Rdc1 Raa2 42. Rd1 0-1

[Event "Campos Migjorn op"]
[Site "Campos"]
[Date "2016.09.16"]
[Round "3"]
[White "Aguado Doncel, Pablo Luis"]
[Black "Fentes Caceres, Daniel"]
[Result "1-0"]
[WhiteElo "1514"]
[BlackElo "1728"]
[PlyCount "67"]
[EventDate "2016.09.09"]
[EventType "swiss"]
[EventRounds "8"]
[EventCountry "ESP"]
[SourceTitle "EXT 2017"]
[Source "ChessBase"]
[SourceDate "2016.10.25"]
[SourceVersion "1"]
[SourceVersionDate "2016.10.25"]
[SourceQuality "1"]

1. d4 d5 2. c4 c6 3. Nc3 Nf6 4. e3 a6 5. Nf3 b5 6. cxd5 cxd5 7. Bd3 Bb7 8. 0-0 Nbd7 9. Qe2 Ne4 10. Bxe4 dxe4 11. Ng5 Nf6 12. f3 exf3 13. Nxf3 e6 14. e4 b4 15. e5 bxc3 16. exf6 gxf6 17. bxc3 Be7 18. Rb1 Bd5 19. c4 Bxf3 20. Qxf3 Qxd4+ 21. Be3 Qd8 22. Qc6+ Kf8 23. Bh6+ Kg8 24. Qf3 f5 25. Qg3+ Bg5 26. Bxg5 Qd4+ 27. Kh1 Kf8 28. Qa3+ Kg7 29. Bc1 Qxc4 30. Bb2+ f6 31. Qe7+ Kg6 32. Qxf6+ Kh5 33. Qf7+ Kg4 34. Bxh8 1-0

[Event "Palafrugell Gelpi Memorial 28th"]
[Site "Palafrugell"]
[Date "2015.??.??"]
[Round "3"]
[White "Fentes Caceres, Daniel"]
[Black "Clot Chico, Arnau"]
[Result "0-1"]
[WhiteElo "1949"]
[BlackElo "2065"]
[PlyCount "108"]
[EventDate "2015.09.26"]
[EventType "swiss"]
[EventRounds "9"]
[EventCountry "ESP"]
[SourceTitle "EXT 2017"]
[Source "ChessBase"]
[SourceDate "2016.10.25"]
[SourceVersion "1"]
[SourceVersionDate "2016.10.25"]
[SourceQuality "1"]

1. d4 Nf6 2. c4 g6 3. Nc3 Bg7 4. Bf4 0-0 5. Nf3 d6 6. h3 Nbd7 7. e4 e5 8. dxe5 dxe5 9. Bg5 h6 10. Bh4 c6 11. Be2 Qb6 12. Qc2 Re8 13. Nd2 Nf8 14. Na4 Qc7 15. Nc5 b6 16. Ncb3 Ne6 17. Nf3 Nf4 18. 0-0 Nxe2+ 19. Qxe2 Nh5 20. Bg3 Nf4 21. Qc2 a5 22. Rfd1 c5 23. Nc1 Bb7 24. Ne2 Nxe2+ 25. Qxe2 Re7 26. Ne1 Qc6 27. f3 f5 28. Rd5 Qe6 29. exf5 gxf5 30. Rd2 e4 31. Rd6 Qf7 32. f4 Re6 33. Rad1 Bd4+ 34. R1xd4 cxd4 35. Rxd4 Qg7 36. Qe3 Rg6 37. Bh4 Rc8 38. g3 Rgc6 39. b3 b5 40. Qd2 bxc4 41. Rd7 Qg6 42. Qd5+ Qe6 43. Qxe6+ Rxe6 44. Rxb7 c3 45. Kf2 e3+ 46. Ke2 c2 47. Nd3 c1Q 48. Nxc1 Rxc1 49. g4 Rc2+ 50. Kd3 Rd2+ 51. Kc4 e2 52. Kc3 Rxa2 53. gxf5 e1Q+ 54. Bxe1 Rxe1 0-1

[Event "Palafrugell Gelpi Memorial 28th"]
[Site "Palafrugell"]
[Date "2015.??.??"]
[Round "2"]
[White "Vidal Zamora, Alex"]
[Black "Fentes Caceres, Daniel"]
[Result "1-0"]
[WhiteElo "2422"]
[BlackElo "1949"]
[PlyCount "87"]
[EventDate "2015.09.26"]
[EventType "swiss"]
[EventRounds "9"]
[EventCountry "ESP"]
[SourceTitle "EXT 2017"]
[Source "ChessBase"]
[SourceDate "2016.10.25"]
[SourceVersion "1"]
[SourceVersionDate "2016.10.25"]
[SourceQuality "1"]

1. Nf3 d5 2. d4 Nf6 3. c4 c6 4. Nc3 a6 5. a4 a5 6. e3 Bf5 7. Qb3 Ra7 8. Nh4 Bg6 9. Bd2 e6 10. Be2 Be7 11. Rd1 Nbd7 12. 0-0 0-0 13. Nxg6 hxg6 14. Qc2 Qc7 15. Rc1 Qb8 16. b3 e5 17. cxd5 exd4 18. exd4 Nxd5 19. Nxd5 cxd5 20. Qc7 b6 21. Qxb8 Nxb8 22. Bf4 Na6 23. Rc6 Bd8 24. Bxa6 Rxa6 25. Re1 Bf6 26. Be5 Be7 27. Bxg7 Kxg7 28. Rxe7 Raa8 29. Rxb6 Rac8 30. g3 Rc2 31. Rd6 Rb8 32. Rdd7 Rxb3 33. Rxf7+ Kh6 34. h4 Kh5 35. Kg2 g5 36. Rf5 Kg6 37. Rxg5+ Kf6 38. Rd6+ Kf7 39. Rf5+ Kg7 40. h5 Rb4 41. h6+ Kg8 42. Rg5+ Kh8 43. Rg7 Rb8 44. Rf7 1-0

[Event "Barcelona Tres Peons op 16th"]
[Site "Barcelona"]
[Date "2014.02.14"]
[Round "6"]
[White "Martinez Hernandez, Emili"]
[Black "Fentes Caceres, Daniel"]
[Result "1/2-1/2"]
[WhiteElo "1992"]
[BlackElo "1982"]
[PlyCount "25"]
[EventDate "2014.01.10"]
[EventType "swiss"]
[EventRounds "9"]
[EventCountry "ESP"]
[SourceTitle "EXT 2015"]
[Source "ChessBase"]
[SourceDate "2014.11.20"]
[SourceVersion "1"]
[SourceVersionDate "2014.11.20"]
[SourceQuality "1"]

1. d4 f5 2. Nc3 Nf6 3. Bg5 g6 4. Bxf6 exf6 5. e4 Qe7 6. Qe2 fxe4 7. Nd5 Qd6 8. Qxe4+ Be7 9. 0-0-0 c6 10. Nxe7 Qxe7 11. Qxe7+ Kxe7 12. Bd3 d5 13. Ne2 1/2-1/2

[Event "Barcelona Tres Peons op 16th"]
[Site "Barcelona"]
[Date "2014.01.24"]
[Round "3"]
[White "Leiro Giralt, Daniel"]
[Black "Fentes Caceres, Daniel"]
[Result "1-0"]
[WhiteElo "2317"]
[BlackElo "1982"]
[PlyCount "117"]
[EventDate "2014.01.10"]
[EventType "swiss"]
[EventRounds "9"]
[EventCountry "ESP"]
[SourceTitle "EXT 2015"]
[Source "ChessBase"]
[SourceDate "2014.11.20"]
[SourceVersion "1"]
[SourceVersionDate "2014.11.20"]
[SourceQuality "1"]

1. e4 c5 2. Nc3 d6 3. Nge2 Nc6 4. g3 g6 5. d4 cxd4 6. Nxd4 Bg7 7. Nde2 Nf6 8. Bg2 0-0 9. 0-0 Bd7 10. h3 Qc8 11. Kh2 Qc7 12. a4 a5 13. Nd5 Nxd5 14. exd5 Ne5 15. Ra2 Rfc8 16. b3 f6 17. c4 Nf7 18. Nd4 Nd8 19. Re1 Bf8 20. Rae2 Rab8 21. Bb2 Nf7 22. f4 Re8 23. Nf3 Qc8 24. Qd4 Qc5 25. Qc3 Qb4 26. Qxb4 axb4 27. Bc1 Ra8 28. Bd2 Rec8 29. Bxb4 Bxa4 30. bxa4 Rxa4 31. Rb2 Rxc4 32. Bd2 Nd8 33. Bf1 Rc5 34. Bb5 Ra8 35. Be3 Rc3 36. Kg2 Raa3 37. Kf2 Kf7 38. Nd4 Bg7 39. Nc2 Ra8 40. Bd4 Rcc8 41. Bb6 f5 42. Nd4 Rc3 43. Re3 Rc1 44. Rbe2 Bf6 45. Rb3 Rd1 46. Nf3 Kf8 47. Rd2 Rc1 48. Ng5 Kg7 49. Bxd8 Bxg5 50. fxg5 Rxd8 51. Be2 Rc7 52. Rdb2 Kf7 53. Rxb7 Rc5 54. Ra7 Kf8 55. Rbb7 Rxd5 56. Rxe7 Rd2 57. Rxh7 Kg8 58. Rag7+ Kf8 59. Rxg6 1-0

[Event "Barcelona Vila de Gracia op 7th"]
[Site "Barcelona"]
[Date "2013.10.25"]
[Round "3"]
[White "Fentes Caceres, Daniel"]
[Black "Ramirez Garcia, Jorge Alberto"]
[Result "0-1"]
[WhiteElo "1737"]
[BlackElo "2300"]
[PlyCount "86"]
[EventDate "2013.10.11"]
[EventType "swiss"]
[EventRounds "9"]
[EventCountry "ESP"]
[SourceTitle "EXT 2015"]
[Source "ChessBase"]
[SourceDate "2014.11.20"]
[SourceVersion "1"]
[SourceVersionDate "2014.11.20"]
[SourceQuality "1"]

1. d4 e6 2. c4 Nf6 3. Nc3 Bb4 4. g3 Ne4 5. Qd3 f5 6. Nf3 d6 7. Bg2 Nd7 8. 0-0 Bxc3 9. bxc3 0-0 10. Nd2 Nxd2 11. Bxd2 Rb8 12. Qc2 b6 13. Rfe1 a5 14. e4 fxe4 15. Bxe4 Nf6 16. Bg5 h6 17. Bxf6 Qxf6 18. f4 Ba6 19. Bd3 Rbe8 20. Qe2 c5 21. Qe4 cxd4 22. Qxd4 Qxd4+ 23. cxd4 Kf7 24. Rab1 Rb8 25. Rb3 Rfc8 26. d5 exd5 27. cxd5 Bxd3 28. Rxd3 Rc2 29. a3 b5 30. Red1 Re8 31. Rb3 Ree2 32. Rxb5 Rg2+ 33. Kh1 Rxh2+ 34. Kg1 Rhg2+ 35. Kf1 Rxg3 36. Re1 Rxa3 37. Rb7+ Kg6 38. Re6+ Kh7 39. Rb6 Rf3+ 40. Ke1 Rxf4 41. Rexd6 Rh4 42. Kd1 Ra2 43. Re6 Rh1+ 0-1

[Event "Girona op-A 4th"]
[Site "Girona"]
[Date "2013.07.16"]
[Round "2"]
[White "Fentes Caceres, Daniel"]
[Black "Cano Egea, Joan Manuel"]
[Result "1-0"]
[WhiteElo "1722"]
[BlackElo "1574"]
[PlyCount "53"]
[EventDate "2013.07.15"]
[EventType "swiss"]
[EventRounds "9"]
[EventCountry "ESP"]
[SourceTitle "CBM 155 Extra"]
[Source "ChessBase"]
[SourceDate "2013.08.26"]
[SourceVersion "1"]
[SourceVersionDate "2013.08.26"]
[SourceQuality "1"]

1. d4 d5 2. c4 e6 3. Nc3 Nf6 4. Bg5 Be7 5. cxd5 exd5 6. e3 0-0 7. Bd3 Nbd7 8. Qc2 Re8 9. Nge2 Nf8 10. 0-0 c6 11. Rae1 h6 12. Bh4 Ne6 13. Kh1 b6 14. a3 Bb7 15. b4 Qd7 16. Bf5 Qd8 17. Rd1 Nd7 18. Bg3 c5 19. bxc5 bxc5 20. Bxe6 fxe6 21. Nf4 Bf6 22. dxc5 Nxc5 23. Ncxd5 exd5 24. Qxc5 Be7 25. Qb5 Qc8 26. Nxd5 Bxa3 27. Nc7 1-0

[Event "Mallorca La Goleta U2200"]
[Site "Palma de Mallorca"]
[Date "2012.08.18"]
[Round "5"]
[White "Fentes Caceres, Daniel"]
[Black "Llado Tomas, Miquel"]
[Result "1/2-1/2"]
[WhiteElo "1737"]
[BlackElo "1534"]
[PlyCount "145"]
[EventDate "2012.08.10"]
[EventType "swiss"]
[EventRounds "7"]
[EventCountry "ESP"]
[SourceTitle "EXT 2014"]
[Source "ChessBase"]
[SourceDate "2013.11.20"]
[SourceVersion "1"]
[SourceVersionDate "2013.11.20"]
[SourceQuality "1"]

1. d4 Nf6 2. c4 g6 3. Nc3 Bg7 4. e4 d6 5. f3 0-0 6. Bg5 Nc6 7. Nge2 a6 8. d5 Ne5 9. Ng3 Rb8 10. Be2 e6 11. f4 Ned7 12. 0-0 exd5 13. exd5 Qe8 14. f5 Ne5 15. Bxf6 Bxf6 16. fxg6 Bg7 17. gxh7+ Kh8 18. Nf5 Bxf5 19. Rxf5 Qe7 20. Qf1 Rbd8 21. a4 Rd7 22. h3 Qh4 23. Rf4 Qg3 24. Qf2 Qxf2+ 25. Kxf2 Kxh7 26. Rf1 Ng6 27. Bd3 Kg8 28. Bxg6 fxg6 29. Rxf8+ Kxf8 30. Ke2+ Rf7 31. Rxf7+ Kxf7 32. Kd3 Kf6 33. Ne2 Kf5 34. b3 b6 35. b4 Be5 36. Ke3 Kg5 37. Kf3 Kf5 38. b5 a5 39. Nc1 Bd4 40. Nd3 Be5 41. g3 g5 42. g4+ Kf6 43. Ke4 Bc3 44. Kf3 Ba1 45. Kg3 Kg6 46. Nf2 Bc3 47. h4 gxh4+ 48. Kh3 Bf6 49. Ne4 Be7 50. Nd2 Kh6 51. Nf3 Kg6 52. Nd4 Kf6 53. Ne6 Ke5 54. g5 Bxg5 55. Nxg5 Kd4 56. Ne6+ Kxc4 57. Nxc7 Kb4 58. Kxh4 Kxa4 59. Ne8 Kxb5 60. Nxd6+ Kc5 61. Nc8 Kxd5 62. Nxb6+ Kc6 63. Nc4 a4 64. Kg3 Kc5 65. Na3 Kb4 66. Nb1 Kb3 67. Nd2+ Kc2 68. Nc4 Kb3 69. Nd2+ Kc2 70. Nc4 Kc3 71. Na3 Kb3 72. Nb1 Kb2 73. Nd2 1/2-1/2

[Event "Mallorca La Goleta U2200"]
[Site "Palma de Mallorca"]
[Date "2012.08.11"]
[Round "2"]
[White "Fentes Caceres, Daniel"]
[Black "Ponce Cano, Adrian"]
[Result "0-1"]
[WhiteElo "1737"]
[BlackElo "1960"]
[PlyCount "76"]
[EventDate "2012.08.10"]
[EventType "swiss"]
[EventRounds "7"]
[EventCountry "ESP"]
[SourceTitle "EXT 2014"]
[Source "ChessBase"]
[SourceDate "2013.11.20"]
[SourceVersion "1"]
[SourceVersionDate "2013.11.20"]
[SourceQuality "1"]

1. d4 e6 2. c4 Nf6 3. Nc3 Bb4 4. Nf3 c5 5. d5 Bxc3+ 6. bxc3 b6 7. Bg5 h6 8. Bxf6 Qxf6 9. Qc2 Ba6 10. e4 exd5 11. cxd5 Bxf1 12. Kxf1 0-0 13. e5 Qf4 14. c4 Na6 15. a3 Nc7 16. h4 f6 17. Re1 Rae8 18. Re4 Qf5 19. Qe2 fxe5 20. d6 Ne6 21. Kg1 Nf4 22. Qe3 Qg6 23. g3 Qxd6 24. Kh2 Ng6 25. h5 Nh8 26. Nxe5 Rf5 27. Re1 Rxh5+ 28. Kg2 Re6 29. f4 Rf5 30. g4 Rf8 31. Re2 Qc7 32. f5 Re7 33. Ng6 Rxe4 34. Qxe4 Nxg6 35. Qd5+ Kh8 36. fxg6 Qf4 37. Qe4 Qf6 38. a4 Qd6 0-1

[Event "Figueres op 10th"]
[Site "Figueres"]
[Date "2009.08.06"]
[Round "7"]
[White "Sabria Batlle, Pol"]
[Black "Fentes Caceres, Daniel"]
[Result "1-0"]
[WhiteElo "2221"]
[BlackElo "1914"]
[PlyCount "63"]
[EventDate "2009.08.01"]
[EventType "swiss"]
[EventRounds "9"]
[EventCountry "ESP"]
[SourceTitle "EXT 2010"]
[Source "ChessBase"]
[SourceDate "2010.11.25"]
[SourceVersion "1"]
[SourceVersionDate "2010.11.25"]
[SourceQuality "1"]

1. d4 d5 2. c4 c6 3. Nf3 Nf6 4. Nc3 a6 5. c5 Bf5 6. Qb3 Bc8 7. h3 Nbd7 8. Bf4 e6 9. e3 b5 10. cxb6 Qxb6 11. Be2 Qxb3 12. axb3 a5 13. 0-0 Bb7 14. Bc7 Bb4 15. Ra4 0-0 16. Rfa1 h6 17. Bxa5 Bxa5 18. Rxa5 g5 19. b4 Rfc8 20. Kf1 Kf8 21. Bd3 Ke7 22. Ke2 Kd8 23. Nd2 Ke7 24. Nb3 e5 25. dxe5 Nxe5 26. Nc5 Rxa5 27. Rxa5 Nxd3 28. Kxd3 Ba8 29. Ra7+ Ke8 30. f3 Kf8 31. N3a4 Rb8 32. Na6 1-0

[Event "Figueres op 10th"]
[Site "Figueres"]
[Date "2009.08.05"]
[Round "6"]
[White "Fentes Caceres, Daniel"]
[Black "Ghiani, Bruno"]
[Result "1-0"]
[WhiteElo "1914"]
[BlackElo "2046"]
[PlyCount "47"]
[EventDate "2009.08.01"]
[EventType "swiss"]
[EventRounds "9"]
[EventCountry "ESP"]
[SourceTitle "EXT 2010"]
[Source "ChessBase"]
[SourceDate "2010.11.25"]
[SourceVersion "1"]
[SourceVersionDate "2010.11.25"]
[SourceQuality "1"]

1. d4 Nf6 2. c4 g6 3. Nc3 Bg7 4. e4 d6 5. f4 0-0 6. Nf3 c5 7. d5 e6 8. Be2 exd5 9. cxd5 Re8 10. e5 dxe5 11. fxe5 Ng4 12. 0-0 Nxe5 13. Bf4 Nxf3+ 14. Bxf3 Nd7 15. d6 Qf6 16. Nd5 Qd4+ 17. Kh1 Rb8 18. Qxd4 Bxd4 19. Nc7 Rd8 20. Rae1 b6 21. Bd5 Bb7 22. Bc4 Kg7 23. Bg5 Ne5 24. Bf6+ 1-0

[Event "Figueres op 10th"]
[Site "Figueres"]
[Date "2009.08.04"]
[Round "5"]
[White "Cano Egea, Gerard"]
[Black "Fentes Caceres, Daniel"]
[Result "0-1"]
[WhiteElo "1624"]
[BlackElo "1914"]
[PlyCount "78"]
[EventDate "2009.08.01"]
[EventType "swiss"]
[EventRounds "9"]
[EventCountry "ESP"]
[SourceTitle "EXT 2010"]
[Source "ChessBase"]
[SourceDate "2010.11.25"]
[SourceVersion "1"]
[SourceVersionDate "2010.11.25"]
[SourceQuality "1"]

1. e4 c5 2. Nf3 d6 3. c3 Qa5 4. Be2 Nf6 5. Qc2 Bg4 6. 0-0 Nc6 7. d3 Rc8 8. Be3 e5 9. Qb3 Qc7 10. Nbd2 Be7 11. Rfe1 0-0 12. h3 Be6 13. Qc2 h6 14. Rac1 Qd7 15. Nf1 Kh8 16. Qd2 Bxa2 17. c4 a5 18. Ng3 Nd4 19. Nxd4 cxd4 20. Bxh6 gxh6 21. Qxh6+ Nh7 22. Bg4 f5 23. Nxf5 Bg5 24. Qxd6 Qxd6 25. Nxd6 Rc6 26. Ra1 Rxd6 27. Rxa2 b6 28. Rb1 Bd2 29. Rd1 Bb4 30. Raa1 Rff6 31. Rf1 Ng5 32. b3 Nf7 33. Rab1 Nd8 34. Rb2 Nb7 35. Be2 Nc5 36. Rbb1 Ne6 37. g3 Ng5 38. f4 exf4 39. gxf4 Nxh3+ 0-1